| 000 | 00889nam a22002657i 4500 | ||
|---|---|---|---|
| 999 |
_c23302 _d23302 |
||
| 003 | AR-CdUCM | ||
| 008 | 250528b20242024 pe||||| |||| 00| 0 spa d | ||
| 020 | _a978-612-49601-2-3 | ||
| 040 |
_aMUNICIPALIDAD PROVINCIAL DEL CUSCO _cBIBLIOTECA MUNICIPAL DEL CUSCO |
||
| 041 | _hspa | ||
| 082 |
_aEP / 807 / B95H _bB95H |
||
| 100 |
_aBustamante Quispe, Mario _951181 |
||
| 245 |
_aCusco, Historietas con Historia : _bOjotín y Goyo |
||
| 260 |
_aCusco : _bAutor-Editor _c2024 |
||
| 300 |
_a80 páginas. : _bIlustraciones _c24x17 cm. |
||
| 505 | _aChincana -- Hatun Rumiyoc -- Calle Amargura -- La casa embrujada -- Qhapaq Ñan | ||
| 650 |
_aChincana _951187 |
||
| 650 |
_aAmargura _951188 |
||
| 650 |
_aCeniza _951189 |
||
| 650 |
_aQhapaq Ñan _945532 |
||
| 650 |
_aCasa embrujada _951190 |
||
| 856 | _fwww.ojotincomic.blogspot.com | ||
| 942 |
_2ddc _cLIBROS |
||
| 945 |
_apbjr _d28-05-2025 |
||